<The> role of the state and the quality of the public sector
Guardado en:
| Autor principal: | |
|---|---|
| Formato: | Libro |
| Lenguaje: | inglés |
| Publicado: |
Washington
International Monetary Fund
2000
|
| Colección: | IMF Working Paper
WP/00/36 |
| Materias: | |
| Etiquetas: |
Sin Etiquetas, Sea el primero en etiquetar este registro!
|
MARC
| LEADER | 00000nam a2200000 4500 | ||
|---|---|---|---|
| 001 | c124155 | ||
| 005 | 20221221083532.5 | ||
| 041 | 0 | |a eng | |
| 044 | |a US | ||
| 245 | 1 | 0 | |a <The> role of the state and the quality of the public sector |c Vito Tanzi |
| 264 | 1 | |a Washington |b International Monetary Fund |c 2000 | |
| 300 | |a 27 s. | ||
| 490 | 1 | |a IMF Working Paper |v WP/00/36 | |
| 830 | 0 | |a IMF Working Paper |v WP/00/36 | |
| 610 | 2 | 0 | |a sektor verejný |
| 610 | 2 | 0 | |a štát |
| 610 | 2 | 0 | |a kontrola |
| 610 | 2 | 0 | |a inštitúcie verejnoprávne |
| 610 | 2 | 0 | |a makroekonomika |
| 610 | 2 | 0 | |a predpisy |
| 100 | 1 | |a Tanzi, Vito | |